000 00293nam a2200133Ia 4500
008 191201s2009 xx 000 0 und d
100 _aMILES,Kelly
245 0 _aSpace
250 _a1st
260 _aU.K
_bMiles kelly pub
_c2009
300 _a384
650 _aGeneral Books
942 _2ddc
_cBK
999 _c4556
_d4556